| 000 | 00645nam a2200181Ia 4500 | ||
|---|---|---|---|
| 008 | 090630s9999 xx 000 0 und d | ||
| 082 | _b18089 | ||
| 100 | _aऑर्थर हॅली. | ||
| 245 |
_aप्लाईट इन टू डेंजर. _cऑर्थर हॅली. |
||
| 260 |
_bप्राजक्ता - पुणे. _c2000 |
||
| 300 | _a128 | ||
| 600 | _aऑर्थर हॅली. | ||
| 630 | _aप्लाईट इन टू डेंजर. | ||
| 655 | _aकादंबरी. | ||
| 700 | _aऑर्थर हॅली. | ||
| 730 | _aप्लाईट इन टू डेंजर. | ||
| 942 | _cBOOK | ||
| 999 |
_c269945 _d269945 |
||